5HLuxD.jpg

KING HENRY VIII SENIOR AND PRIMARY SCHOOL LIBRARY OPAC

All four quarters of the moon (Record no. 5771)

000 -LEADER
fixed length control field 01306nam a22003377a 4500
003 - CONTROL NUMBER IDENTIFIER
control field OSt
005 - DATE AND TIME OF LATEST TRANSACTION
control field 20251105133055.0
006 - FIXED-LENGTH DATA ELEMENTS--ADDITIONAL MATERIAL CHARACTERISTICS
fixed length control field
008 - FIXED-LENGTH DATA ELEMENTS--GENERAL INFORMATION
fixed length control field 251105b ||||| |||| 00| 0 eng d
020 ## - INTERNATIONAL STANDARD BOOK NUMBER
International Standard Book Number 9781534488861
040 ## - CATALOGING SOURCE
Transcribing agency KH8
082 ## - DEWEY DECIMAL CLASSIFICATION NUMBER
Classification number 823.92 MAR
100 1# - MAIN ENTRY--PERSONAL NAME
Personal name Marr, Shirley
Relator term author
245 10 - TITLE STATEMENT
Title All four quarters of the moon
250 ## - EDITION STATEMENT
Edition statement First Simon & Schuster Books for Young Readers paperback edition.
264 #1 - PRODUCTION, PUBLICATION, DISTRIBUTION, MANUFACTURE, AND COPYRIGHT NOTICE
Place of production, publication, distribution, manufacture 123 Avenue of the Americas,New York ,New York 10020
Name of producer, publisher, distributor, manufacturer Simon & Schuster Books for Young Readers,
Date of production, publication, distribution, manufacture, or copyright notice 2023
264 #4 - PRODUCTION, PUBLICATION, DISTRIBUTION, MANUFACTURE, AND COPYRIGHT NOTICE
Date of production, publication, distribution, manufacture, or copyright notice ©2022
300 ## - PHYSICAL DESCRIPTION
Extent 359 pages
Other physical details b illustration
Dimensions 14 cm x 21 cm
336 ## - CONTENT TYPE
Content type term text
Content type code txt
Source rdacontent
337 ## - MEDIA TYPE
Media type term computer
Media type code c
Source rdamedia
338 ## - CARRIER TYPE
Carrier type term online resource
Carrier type code cr
Source rdacarrier
520 ## - SUMMARY, ETC.
Summary, etc. Eleven-year-old Peijing and her family are adapting to their new life in Australia, but when cracks in her family life start to appear, she must find a way to cope with the uncertainties of her own little world and figure out where she fits in.
521 ## - TARGET AUDIENCE NOTE
Target audience note Ages 8-12.
Source Simon & Schuster Books for Young Readers.
650 #1 - SUBJECT ADDED ENTRY--TOPICAL TERM
Topical term or geographic name entry element Family life
Form subdivision Fiction
650 #1 - SUBJECT ADDED ENTRY--TOPICAL TERM
Topical term or geographic name entry element Emigration and immigration
Form subdivision Fiction.
650 #1 - SUBJECT ADDED ENTRY--TOPICAL TERM
Topical term or geographic name entry element Chinese
Form subdivision Fiction
650 #1 - SUBJECT ADDED ENTRY--TOPICAL TERM
Topical term or geographic name entry element Resilience
Form subdivision Fiction
650 #1 - SUBJECT ADDED ENTRY--TOPICAL TERM
Topical term or geographic name entry element Belonging
Form subdivision Fiction
655 #7 - INDEX TERM--GENRE/FORM
Genre/form data or focus term Fiction
942 ## - ADDED ENTRY ELEMENTS (KOHA)
Source of classification or shelving scheme
Koha item type Books - Fiction
Holdings
Withdrawn status Lost status Source of classification or shelving scheme Damaged status Not for loan Collection code Permanent Location Current Location Shelving location Date acquired Barcode Date last seen Price effective from Koha item type Public note
          Fiction KH8 Primary School Library KH8 Primary School Library Fiction 2025-11-05 KHPL000007373 2025-12-05 2025-11-05 Books - Fiction PRIMARY LIBRARY

Powered By KH8 IT Dept